KOHA-Header-6

E-Commerce (Record no. 6613)

000 -LEADER
fixed length control field 00246nam a2200109Ia 4500
100 ## - MAIN ENTRY--AUTHOR NAME
Personal name David Whiteley
245 #0 - TITLE STATEMENT
Title E-Commerce
260 ## - PUBLICATION, DISTRIBUTION, ETC. (IMPRINT)
Place of publication UK
Name of publisher Penguin Books
Year of publication 2000
300 ## - PHYSICAL DESCRIPTION
Number of Pages 259
942 ## - ADDED ENTRY ELEMENTS (KOHA)
Koha item type Books
Holdings
Withdrawn status Lost status Collection code Permanent Location Current Location Shelving location Date acquired Full call number Accession Number Koha item type
    Business MAJU MAJU   2019-09-07 658.15 1118 Business

Powered by Koha